00505nam a22001577a 450000500170000001000150001702000260003203500140005803700090007208200060008110000280008724500450011526000470016027001190020730000210032620220203120345.0 aENG-131376 a9789390869732c280.00 aEN-114908 bDBAD aS aVerma, Rrashima Swaarup aA Break In Love/cRrashima Swaarup Verma aMaharashtrabVihwakarma Publicationsc2021 a34A/1, Suyog Center, 7th Floor, Gultekadi Marketyard Road, Giridhar Bhavan ChowkbPunee411037minfo@vpindia.co.in a216p.c22cm(pbk)